Quizzes
Events
Quiz Creation
Community
Videos
Private Events
Remove Ads
Sign In
Join for FREE
Feedback
Dark Mode
Quiz Categories
Sports
Geography
Music
Movies
Television
Just For Fun
Miscellaneous
History
Literature
Language
Science
Gaming
Entertainment
Religion
Holiday
For Kids
Quiz Lab
Recent
Popular Today
Quiz Kudos Today
Editor Picks
Curator Picks
Quizzes by...
Day
Popularity
Type
Ratings
Length
Year
Community
Subscriptions
Recent Discussions
Orange Saloon
Badges
Playlists
Quests
Create
Leaderboards
Showdown
Live 5
Trivia Bingo
Activity
Puzzle Library
Sporcle Events
Private Events
Virtual Trivia
Globe League
Become a Host
Pub Owners
SporcleCon
Opinionation
Our Games
Videos
Blog
Mobile Apps
Partnerships
Remove Ads and Go Orange
Feedback
Sports
Athletes
MLB
NBA
NHL
NFL
Soccer
Sports Teams
WWE
NCAA
Football
Premier League
Basketball
Baseball
Hockey
Golf
Tennis
Cricket
Rugby
Auto Racing
Olympics
World Cup
Sports
Athletes
MLB
NBA
NHL
NFL
Soccer
Sports Teams
WWE
NCAA
Football
Premier League
Basketball
Baseball
Hockey
Golf
Tennis
Cricket
Rugby
Auto Racing
Olympics
World Cup
Random Quiz
Search Sporcle
×
Quiz Lab
Quiz Lab
Sports
NHL
Type in answers that appear in a list
Type in answers that appear in a list
Classic
Best Score? Go Orange.
NHL Game winning Goals 2015-16 Stats
Can you name the players who have 3 or more Game Winning Goals in NHL (15-16)?
By
chrisyt24
20m
85 Questions
85 Plays
85 Plays
85 Plays
Comments
Comments
Give Quiz Kudos
Give Quiz Kudos
-
- Ratings
hide this ad
Replay
Link that replays current quiz
Next Quiz
Link to next quiz in quiz playlist
You Got
0%
They Got
Avg Score
68%
Avg Friend Score
Upgrade to see
Score Distribution
Jump to the score distribution portion of the page
Score
0/85
Timer
20:00
0
Plays Today
Goals
Answer
% Correct
7
Jonathan Toews
100%
6
Daniel Sedin
98.8%
6
Patrick Kane
98.8%
8
Joe Pavelski
97.6%
5
Alex Ovechkin
96.5%
5
Sidney Crosby
96.5%
3
Jamie Benn
96.5%
6
Johnny Gaudreau
95.3%
6
Taylor Hall
95.3%
5
Evgeni Malkin
95.3%
5
Steven Stamkos
95.3%
3
Jordan Staal
95.3%
3
Nicklas Backstrom
95.3%
3
Tyler Seguin
95.3%
4
Patrice Bergeron
94.1%
5
Zach Parise
90.6%
5
Phil Kessel
89.4%
4
Blake Wheeler
89.4%
6
Jeff Skinner
88.2%
5
Nathan MacKinnon
88.2%
4
Anze Kopitar
88.2%
4
John Tavares
87.1%
4
Max Pacioretty
85.9%
4
Vladimir Tarasenko
85.9%
6
Oliver Ekman-Larsson
84.7%
5
Jason Spezza
84.7%
4
Dustin Byfuglien
84.7%
3
Rick Nash
84.7%
4
Matt Duchene
83.5%
Goals
Answer
% Correct
3
Evgeny Kuznetsov
83.5%
3
Brad Marchand
81.2%
5
Patrick Sharp
80%
3
Jaromir Jagr
80%
5
Dylan Larkin
78.8%
4
Nikita Kucherov
78.8%
3
T.J. Oshie
78.8%
3
Jeff Carter
76.5%
3
Joe Thornton
76.5%
3
Jack Eichel
76.5%
3
Kyle Okposo
75.3%
3
Patrick Marleau
75.3%
3
David Krejci
75.3%
3
Brent Burns
72.9%
3
Duncan Keith
71.8%
4
Brandon Saad
70.6%
3
David Backes
70.6%
3
Drew Doughty
70.6%
4
Aleksander Barkov
69.4%
4
Artemi Panarin
69.4%
3
Mats Zuccarello
69.4%
3
Craig Smith
68.2%
3
John Carlson
67.1%
3
Mike Hoffman
65.9%
3
Thomas Vanek
65.9%
3
Gustav Nyquist
65.9%
4
Adam Henrique
64.7%
4
Tyler Toffoli
64.7%
5
Milan Lucic
62.4%
Goals
Answer
% Correct
3
Derick Brassard
58.8%
3
Corey Perry
58.8%
4
Tyson Barrie
55.3%
6
Marcus Johansson
52.9%
3
Kyle Palmieri
48.2%
3
Justin Abdelkader
48.2%
3
Justin Faulk
48.2%
4
Mika Zibanejad
47.1%
3
Victor Rask
44.7%
4
Mikkel Boedker
43.5%
4
J.T. Miller
42.4%
3
Charlie Coyle
42.4%
3
Shayne Gostisbehere
40%
3
Sam Reinhart
37.6%
5
Drew Stafford
36.5%
3
Brian Boyle
36.5%
3
Teuvo Teravainen
36.5%
3
Ryan Spooner
32.9%
5
Antoine Roussel
31.8%
3
David Desharnais
31.8%
3
Bo Horvat
31.8%
3
Alec Martinez
30.6%
3
Nikolay Kulemin
29.4%
3
Colton Parayko
28.2%
3
Matt Dumba
27.1%
3
John Mitchell
21.2%
3
Tomas Fleischmann
9.4%
Quiz Playlist
Details
Report
Send in Message
Add To Playlist
Classic:
Type in answers that appear in a list
Last Updated: Feb 16, 2017
Quiz Scoreboard
CHALLENGE
Sign Up to Join the Scoreboard
Show All
Scores
Hide
Comments
May contain spoilers
Recently Published
An Introduction to Baseball
by treessimontrees
Sports
5m
Movies - When Are They Set?
by FPL_Elf
Movies
5m
Popular People in 1961
by mucciniale
History
6m
More to Explore
Quiz From the Vault
Featured Blog Post
Where Did the Easter Bunny Come From?
hide this ad
You Might Also Like...
Tags
NHL Quiz
goal
NHL Player
Winning
Today's Top Quizzes in Sports
Browse Sports
hide this ad
Today's Top Quizzes in NHL
Browse NHL
Top Contributed Quizzes in Sports
1
Les meilleurs buteurs des matchs entre le PSG et l’OM
2
2022 World Cup Stars
3
FIFA Club World Cup Champions
4
Les entraîneurs de l'OM et du PSG au 21e siècle
5
Name the Premier League winners with different clubs
6
La finale Lions - Afrique du Sud 2021
7
England Test cricketers to play under Nasser Hussain
8
5-to-1: UK Sports Teams
9
Les joueurs passés par le LOSC et le RC Lens
10
Criteria MLB: Left Handed Sluggers
Explore More
Trending Topics
NBA
Harry Potter
Kpop
Crossword
Marvel
Anime
Disney
Song
NFL
Soccer
Pokémon
The Office
WWE
Puzzle
Country
hide this ad
More By:
chrisyt24
Quiz
Plays
Rating
Category
Featured
Created
NHL Players with 60 Point Seasons since 2010
246
3.75
Sports
Feb 18, 2016
NHL Game winning Goals 2015-16
85
3.50
Sports
Jan 28, 2016
NHL QUIZ- Multiple OT Winners
57
3.00
Sports
Jan 18, 2016
NHL Short-handed Goals (15-16)
32
Sports
Jan 20, 2016
PV NFL League
3
Sports
Feb 15, 2015
Go to Creator's Profile
Score Distribution
Quiz Creator Spotlight
chrisyt24
Follow
Send a Message
Quizzes Created
-
Created Quiz Play Count
-
More By This Creator
Popular Quizzes Today
1
Find the Countries of Europe - No Outlines Minefield
2
Find the US States - No Outlines Minefield
3
The Countries of the World
4
Popular People in 1961
5
Find the US States
6
US States
7
1-10 Letter E Words III
8
Risky Map Clicking: Biggest States A-Z
More Sports Quizzes
NBA Finals: Rematches
Published
Trending Quizzes
Risky Map Clicking: Least Populous States A-Z
1-10 Letter F Words
1-10 Letter G Words
Not Quite an Element Typing Challenge
One Thing in Common: United Kingdom
Recently Updated
Leaping Animals
pecheneg
Reality TV Shows (A-Z)
bhenderson79
Rickey Henderson's Hall of Fame Teammates
pecheneg
Champions League XIs: Arsenal
pecheneg
Quick Pick: Celebrities in WWE's Hall of Fame
aduchscher
A-Z Keypad Blitz II
pecheneg
Multiple Oscar Actors
pecheneg
Mystery Phrase Blitz: Oscar 'Best Actors'
pecheneg
F. Scott Fitzgerald Novels
LTH
Pick 3 Villains
ddd62291
Trending Topics
NBA
Disney
Harry Potter
Kpop
Anime
Crossword
Marvel
The Office
Soccer
Country
WWE
Puzzle
Song
Pokémon
NFL
Your Account Isn't Verified!
In order to create a playlist on Sporcle, you need to verify the email address you used during registration. Go to your
Sporcle Settings
to finish the process.
Report this User
Report this user for behavior that violates our
Community Guidelines
.
Details:
Send Report
Go to the Sporcle.com Mobile Site →
Comments